000 00486nam a2200181Ia 4500
005 20250508151815.0
008 008 250505s9999 xx 000 0 eng d
037 _aTextual
040 _aFEDL
_beng
_cFEDL
041 _aeng
_2eng
084 _a370.1, RUS
_qFEDL
100 _aRussell B
245 0 _aShiksha prasanga (Bengali)
260 _aCalcutta, India
_bKalikata Pustakalaya Ltd.
300 _a188p
942 _cTEXL
_h370.1, RUS
999 _c1332236
_d1332236